| 000 | 01062nam a22001337a 4500 | ||
|---|---|---|---|
| 040 | _cRUA | ||
| 082 | _aAGR SIE 2013 B057 Or.1 | ||
| 100 | _aSIENG, SOTHEA. | ||
| 245 | _aEffect of different herbicide on growth and yield of IR 66 rice sown by drum seeder under prey khmer soil condition in early wet season at osaray commune tramkok district takeo province, ប្រសិទ្ឌភាពថ្នាំកំចាត់ស្មៅផ្សេងៗគ្នាលើការលូតលាស់ និងទិន្នផលស្រូវអ៊ីអ៊ែរ៦៦សាបដោយឧបករណ៍ទម្លាក់គរាប់(DRUM-SEEDER) ក្នុងលក្ខខណ្ឌដីព្រៃខ្មែរដើមរដូវវស្សានៅខុំអូរសារាយ ស្រុកតហរាំកក់ ខេត្តតាកែវ | ||
| 260 |
_aPhnom Penh _bRUA _c2013 |
||
| 300 |
_ax; 35p. _bill. _c29cm. |
||
| 856 | _uhttps://drive.google.com/file/d/1JNwzqR84W20xyY6LWbm71SXVq0k4vibQ/view?usp=sharing | ||
| 942 | _cAGR | ||
| 999 |
_c1315 _d1315 |
||